[Event "Chessbrah May Invitational"]
[Site "chess.com INT"]
[Date "2020.05.16"]
[EventDate "2020.05.15"]
[Round "2.4"]
[Result "1/2-1/2"]
[White "Alexander Grischuk"]
[Black "Alireza Firouzja"]
[WhiteElo "2777"]
[BlackElo "2728"]
[PlyCount "94"]

1. d4 Nf6 2. c4 e6 3. Nf3 d5 4. Nc3 Bb4 5. cxd5 exd5 6. Bg5 h6
7. Bh4 O-O 8. e3 Bf5 9. Be2 Nbd7 10. Qb3 Bxc3+ 11. Qxc3 g5
12. Bg3 Ne4 13. Qa5 c5 14. Qxd8 Rfxd8 15. dxc5 Ndxc5 16. Be5
Rac8 17. O-O Ne6 18. Nd4 Nxd4 19. Bxd4 Rc2 20. Bd1 Rc6 21. f3
Nd2 22. Rf2 Nc4 23. Rc1 Re6 24. Rc3 a6 25. Re2 Bg6 26. g4 b5
27. b3 b4 28. Rc1 Na3 29. Kf2 Nb5 30. Rd2 Rde8 31. Be2 Nxd4
32. exd4 h5 33. h3 hxg4 34. hxg4 Kg7 35. Rc5 Rd6 36. Ra5 Rh8
37. Kg2 Rc8 38. Rxa6 Rxa6 39. Bxa6 Rc7 40. Kf2 Kf8 41. Ke2 Ke7
42. Bd3 Bxd3+ 43. Rxd3 Rc2+ 44. Rd2 Rc3 45. Rd3 Rc2+ 46. Rd2
Rc3 47. Rd3 Rc2+ 1/2-1/2

[Event "Chessbrah May Invitational"]
[Site "chess.com INT"]
[Date "2020.05.16"]
[EventDate "2020.05.15"]
[Round "2.5"]
[Result "0-1"]
[White "Alexander Grischuk"]
[Black "Alireza Firouzja"]
[WhiteElo "2777"]
[BlackElo "2728"]
[PlyCount "76"]

1. d4 Nf6 2. c4 e6 3. Nf3 d5 4. Nc3 Bb4 5. cxd5 exd5 6. Bg5
O-O 7. e3 h6 8. Bh4 Bf5 9. Be2 Nbd7 10. Qb3 c5 11. dxc5 a5
12. O-O Nxc5 13. Qd1 Bxc3 14. bxc3 Nce4 15. Rc1 Rc8 16. Nd4
Bd7 17. c4 dxc4 18. Bxc4 g5 19. Bg3 b5 20. Bxb5 Nc3 21. Qb3
Bxb5 22. Rxc3 Bxf1 23. Kxf1 Ne4 24. Rc2 Rc3 25. Qb2 Qc8 26. f3
Rxc2 27. Nxc2 Qc4+ 28. Kg1 Rc8 29. Ne1 Qc3 30. Qe2 Qd2
31. Qxd2 Nxd2 32. Be5 Rc1 33. Kf2 Nc4 34. Bd4 Rd1 35. a4 Rd2+
36. Kg3 Re2 37. Nd3 Nxe3 38. Nc1 Nf5+ 0-1

[Event "Chessbrah May Invitational"]
[Site "chess.com INT"]
[Date "2020.05.16"]
[EventDate "2020.05.15"]
[Round "3.1"]
[Result "1-0"]
[White "Anish Giri"]
[Black "Alireza Firouzja"]
[WhiteElo "2764"]
[BlackElo "2728"]
[PlyCount "171"]

1. d4 Nf6 2. c4 e6 3. Nf3 d5 4. g3 Be7 5. Bg2 O-O 6. Nc3 c6
7. b3 b6 8. O-O Ba6 9. Qd3 Nbd7 10. e4 b5 11. cxd5 Qa5
12. dxe6 b4 13. Qc2 Bxf1 14. Bxf1 bxc3 15. exd7 Nxd7 16. e5
Rfd8 17. Bg5 Re8 18. Bc4 Nb6 19. Bd3 g6 20. Be4 Nd5 21. Qc1
Ba3 22. Qf1 f5 23. Bd3 Bf8 24. Qh3 c2 25. Rc1 Qc3 26. Qf1 Nb4
27. Bc4+ Kh8 28. Qe2 Bg7 29. Bd2 Qb2 30. Be3 Qxa2 31. Kg2 a5
32. Ng5 h6 33. Nf7+ Kh7 34. Qd2 Re7 35. Nxh6 a4 36. Qxb4 Ree8
37. bxa4 Qxa4 38. Qxa4 Rxa4 39. Rxc2 Bxh6 40. f4 Ra3 41. Bf2
Bf8 42. h4 Rd8 43. Be2 Kh6 44. Bf3 Ra4 45. Rxc6 Ra2 46. h5
Rxd4 47. Rxg6+ Kh7 48. Rf6 Rdd2 49. Bd5 Rxf2+ 50. Kg1 Bc5
51. Bxa2 Rxa2+ 52. Kh1 Bf2 53. Kg2 Be1+ 54. Kh3 Ra3 55. Rg6
Re3 56. Rg5 Kh6 57. Kg2 Re4 58. Rxf5 Re3 59. Rg5 Kh7 60. Kh3
Kh6 61. Kh4 Kh7 62. Rg6 Re4 63. Kg4 Re3 64. Kh4 Re4 65. Kh3
Re3 66. e6 Bb4 67. Kg4 Be1 68. Kh4 Re4 69. Kh3 Re3 70. Kh4 Re4
71. Kg4 Re3 72. Kh3 Bb4 73. Kh2 Be1 74. Kg2 Bb4 75. g4 Bc5
76. f5 Bf8 77. g5 Re5 78. Rf6 Kg8 79. Rf7 Bc5 80. h6 Re2+
81. Kf3 Re3+ 82. Kg4 Re4+ 83. Kh5 Be3 84. h7+ Kh8 85. Kg6 Bc5
86. Rg7 1-0

[Event "Chessbrah May Invitational"]
[Site "chess.com INT"]
[Date "2020.05.16"]
[EventDate "2020.05.15"]
[Round "3.2"]
[Result "1-0"]
[White "Alireza Firouzja"]
[Black "Anish Giri"]
[WhiteElo "2728"]
[BlackElo "2764"]
[PlyCount "57"]

1. e4 c5 2. Nf3 d6 3. Nc3 Nf6 4. h3 Nc6 5. d4 cxd4 6. Nxd4 e5
7. Nf3 Be7 8. Bc4 Be6 9. Bb3 O-O 10. O-O Rc8 11. Be3 a6
12. Qe2 Na5 13. Rfd1 Nxb3 14. cxb3 Qe8 15. Ne1 h6 16. Nc2 a5
17. Na3 Qc6 18. Qf3 Rfd8 19. Rac1 Qd7 20. Bb6 Rf8 21. Bxa5 Nh7
22. Bb4 f5 23. Nc4 fxe4 24. Qxe4 Ng5 25. Qe3 Bxh3 26. Nxe5 Qf5
27. Nd5 Rce8 28. Nxe7+ Rxe7 29. Bxd6 1-0

[Event "Chessbrah May Invitational"]
[Site "chess.com INT"]
[Date "2020.05.16"]
[EventDate "2020.05.15"]
[Round "3.3"]
[Result "1/2-1/2"]
[White "Anish Giri"]
[Black "Alireza Firouzja"]
[WhiteElo "2764"]
[BlackElo "2728"]
[PlyCount "74"]

1. e4 c6 2. d4 d5 3. e5 Bf5 4. Nf3 e6 5. Be2 Ne7 6. c3 h6
7. O-O Nd7 8. Na3 Bh7 9. Nc2 Ng6 10. Bd3 Be7 11. g3 c5 12. h4
c4 13. Be2 O-O 14. Ne3 f6 15. h5 Nh8 16. exf6 Nxf6 17. Ne5 Nf7
18. Ng6 Bxg6 19. hxg6 Nh8 20. b3 b5 21. a4 a6 22. Qc2 Bd6
23. Ng2 Qe8 24. Bf4 cxb3 25. Qxb3 Bxf4 26. Nxf4 Nxg6 27. Nxg6
Qxg6 28. axb5 Ne4 29. Qc2 Qg5 30. Rxa6 Rac8 31. Rc6 Ra8
32. Ra6 Nxg3 33. fxg3 Qxg3+ 34. Kh1 Qh3+ 35. Kg1 Qg3+ 36. Kh1
Qh3+ 37. Kg1 Qg3+ 1/2-1/2

[Event "Chessbrah May Invitational"]
[Site "chess.com INT"]
[Date "2020.05.16"]
[EventDate "2020.05.15"]
[Round "3.4"]
[Result "1-0"]
[White "Alireza Firouzja"]
[Black "Anish Giri"]
[WhiteElo "2728"]
[BlackElo "2764"]
[PlyCount "59"]

1. e4 e5 2. Nf3 Nc6 3. Bb5 Nf6 4. d3 Bc5 5. Ba4 O-O 6. O-O d6
7. c3 Ne7 8. Nbd2 Bb6 9. Re1 c6 10. h3 Ng6 11. Bc2 Re8 12. d4
exd4 13. cxd4 d5 14. e5 Nh5 15. Nb3 Nhf4 16. Be3 f6 17. exf6
Qxf6 18. Bxf4 Rxe1+ 19. Qxe1 Qxf4 20. Bxg6 hxg6 21. Qe8+ Qf8
22. Qxg6 Bxh3 23. Re1 Bf5 24. Qh5 Qf6 25. Ng5 Bg6 26. Qh4 Re8
27. Qh7+ Bxh7 28. Rxe8+ Qf8 29. Rxf8+ Kxf8 30. Nxh7+ 1-0

[Event "Chessbrah May Invitational"]
[Site "chess.com INT"]
[Date "2020.05.16"]
[EventDate "2020.05.15"]
[Round "3.5"]
[Result "0-1"]
[White "Anish Giri"]
[Black "Alireza Firouzja"]
[WhiteElo "2764"]
[BlackElo "2728"]
[PlyCount "68"]

1. d4 Nf6 2. c4 e6 3. Nf3 d5 4. Nc3 Bb4 5. cxd5 exd5 6. Qa4+
Nc6 7. Bg5 O-O 8. e3 h6 9. Bxf6 Qxf6 10. Be2 a5 11. O-O Ne7
12. a3 Bd6 13. Nb5 Bg4 14. Rfc1 c6 15. Nxd6 Qxd6 16. b4 b5
17. Qb3 Bxf3 18. Bxf3 Ra7 19. a4 axb4 20. axb5 Rxa1 21. Rxa1
cxb5 22. Rb1 Ra8 23. Be2 Nc6 24. Bxb5 Ra3 25. Qb2 Na5 26. Qxb4
Qxb4 27. Rxb4 Ra1+ 28. Bf1 Nc4 29. g3 Nd2 30. Kg2 Rxf1 31. Rb5
Ra1 32. Rxd5 Ra2 33. Rf5 g6 34. Rf4 Nc4 0-1

[Event "Chessbrah May Invitational"]
[Site "chess.com INT"]
[Date "2020.05.16"]
[EventDate "2020.05.15"]
[Round "3.6"]
[Result "1-0"]
[White "Alireza Firouzja"]
[Black "Anish Giri"]
[WhiteElo "2728"]
[BlackElo "2764"]
[PlyCount "81"]

1. e4 c5 2. Nc3 d6 3. Nf3 Nf6 4. h3 Nc6 5. d4 cxd4 6. Nxd4 e6
7. Be3 Be7 8. g4 h6 9. Qe2 Nxd4 10. Bxd4 e5 11. Be3 Be6
12. Qb5+ Bd7 13. Qb3 Bc6 14. f3 O-O 15. O-O-O b5 16. Bxb5 Rb8
17. Bxc6 Rxb3 18. axb3 Qa5 19. Kb1 Rc8 20. Ba4 Rxc3 21. Bd2
Qc5 22. Bxc3 Nh7 23. h4 Qf2 24. Rdf1 Qe3 25. b4 Nf8 26. Bb3
Ng6 27. g5 hxg5 28. hxg5 Bxg5 29. Rhg1 Kf8 30. Rd1 Be7 31. Bd2
Qe2 32. Rge1 Qg2 33. Be3 Nh4 34. Rg1 Qxf3 35. Bxa7 Qxe4 36. b5
Nf3 37. Rh1 Bg5 38. Bd5 Qe2 39. b6 Nd2+ 40. Rxd2 Qxd2 41. b7
1-0

[Event "Chessbrah May Invitational"]
[Site "chess.com INT"]
[Date "2020.05.16"]
[EventDate "2020.05.15"]
[Round "3.7"]
[Result "0-1"]
[White "Anish Giri"]
[Black "Alireza Firouzja"]
[WhiteElo "2764"]
[BlackElo "2728"]
[PlyCount "64"]

1. e4 c6 2. d4 d5 3. e5 Bf5 4. Nf3 e6 5. Be2 Ne7 6. O-O h6
7. Nbd2 Nd7 8. Nb3 g5 9. Bd2 a5 10. a4 Ng6 11. Ne1 Ne7 12. Bh5
Qb6 13. Bc3 c5 14. dxc5 Nxc5 15. Nd4 Bg7 16. Nxf5 Nxf5 17. Bg4
Ne7 18. Kh1 Nc6 19. f4 Ne4 20. Nd3 h5 21. Bxh5 Ne7 22. fxg5
Nf5 23. Rxf5 exf5 24. Qf3 O-O-O 25. Qxf5+ Kb8 26. g4 Qc6
27. Bd4 Qxc2 28. Qf3 Nxg5 29. Qe3 Ne6 30. Ba7+ Ka8 31. Bb6 Qc6
32. Bxa5 d4+ 0-1

[Event "Lindores Abbey Rapid Challenge"]
[Site "chess24.com INT"]
[Date "2020.05.19"]
[EventDate "2020.05.19"]
[Round "1.2"]
[Result "1-0"]
[White "Levon Aronian"]
[Black "Alireza Firouzja"]
[WhiteElo "2773"]
[BlackElo "2728"]
[PlyCount "101"]

1. d4 Nf6 2. Nf3 d5 3. e3 e6 4. Nbd2 c5 5. b3 Bd6 6. Bb2 O-O
7. Bd3 Nc6 8. O-O Qc7 9. c4 cxd4 10. exd4 Bd7 11. Re1 Rfd8
12. c5 Bf4 13. g3 Bh6 14. a3 g6 15. b4 Bg7 16. Rc1 Rac8 17. b5
Ne7 18. a4 Be8 19. Rc2 Nf5 20. Qe2 Qb8 21. Bc3 h5 22. Ra1 h4
23. a5 hxg3 24. hxg3 Nh5 25. Nf1 Nf6 26. Rb1 Ne4 27. Bxe4 dxe4
28. Qxe4 a6 29. bxa6 Bc6 30. Qe2 Qa8 31. Ne3 bxa6 32. d5 Nxe3
33. Qxe3 Rxd5 34. Bxg7 Rh5 35. Nh2 Kxg7 36. f3 Rch8 37. Rb6
Qd8 38. Rd2 Qf6 39. Rbb2 Rh3 40. f4 R8h5 41. Ng4 Rh1+ 42. Kf2
g5 43. Qe5 Qxe5 44. Nxe5 Bd5 45. Ke3 R5h3 46. Kd4 Rxg3 47. c6
f6 48. Rb7+ Kh6 49. fxg5+ fxg5 50. Kc5 Re3 51. Ng4+ 1-0

[Event "Lindores Abbey Rapid Challenge"]
[Site "chess24.com INT"]
[Date "2020.05.19"]
[EventDate "2020.05.19"]
[Round "2.5"]
[Result "1/2-1/2"]
[White "Alireza Firouzja"]
[Black "Ding Liren"]
[WhiteElo "2728"]
[BlackElo "2791"]
[PlyCount "132"]

1. e4 e5 2. Nf3 Nc6 3. Bb5 Nf6 4. d3 Bc5 5. Bxc6 dxc6 6. Nbd2
Nd7 7. Nc4 f6 8. Bd2 Nf8 9. b4 Be7 10. Nh4 g6 11. O-O Ne6
12. g3 O-O 13. Ng2 b6 14. Kh1 c5 15. a3 Bb7 16. Bh6 Rf7 17. c3
Qd7 18. Qe2 Rd8 19. Rad1 cxb4 20. axb4 c5 21. bxc5 Nxc5 22. f3
Nxd3 23. Nb2 Qh3 24. Nxd3 Qxh6 25. Qa2 a5 26. Nb2 Qf8 27. Qe6
Bc5 28. Na4 Bc8 29. Qc4 Rxd1 30. Rxd1 Kg7 31. Nxc5 Qxc5
32. Qxc5 bxc5 33. Ra1 Ra7 34. Ne3 Be6 35. Kg1 a4 36. Ra3 f5
37. Kf2 f4 38. Nd1 Bb3 39. Ke1 Bxd1 40. Kxd1 c4 41. g4 g5
42. Kc2 Ra6 43. Kb1 Rb6+ 44. Kc2 Rh6 45. Rxa4 Rxh2+ 46. Kd1
Rf2 47. Ra7+ Kg6 48. Ra6+ Kf7 49. Ra7+ Ke6 50. Ra6+ Kd7
51. Ra7+ Kc6 52. Ra6+ Kb5 53. Re6 Ka4 54. Rxe5 h6 55. Re6 Kb3
56. Rxh6 Rxf3 57. Rg6 Rd3+ 58. Ke2 Kxc3 59. Rxg5 Re3+ 60. Kf2
Rxe4 61. Rg8 Kd3 62. g5 c3 63. Rd8+ Kc2 64. Kf3 Re7 65. Kxf4
Rg7 66. Rc8 Kb2 1/2-1/2

[Event "Lindores Abbey Rapid Challenge"]
[Site "chess24.com INT"]
[Date "2020.05.19"]
[EventDate "2020.05.19"]
[Round "4.4"]
[Result "1/2-1/2"]
[White "Alireza Firouzja"]
[Black "Yu Yangyi"]
[WhiteElo "2728"]
[BlackElo "2709"]
[PlyCount "88"]

1. e4 e5 2. Nf3 Nf6 3. Nxe5 d6 4. Nf3 Nxe4 5. Nc3 Nxc3 6. dxc3
Be7 7. Be3 Nc6 8. Qd2 Bf5 9. O-O-O Qd7 10. h3 O-O 11. Kb1 Rae8
12. Rg1 a6 13. g4 Be4 14. Be2 Bd8 15. h4 b5 16. Ng5 Bxg5
17. hxg5 Ne5 18. Rg3 Qc6 19. f4 Nc4 20. Bxc4 bxc4 21. Qe2 Rb8
22. Bc1 Rb5 23. Rd4 d5 24. Re3 Rfb8 25. Rexe4 dxe4 26. Rxe4
Rxb2+ 27. Bxb2 Qb5 28. Kc1 Qxb2+ 29. Kd2 Rd8+ 30. Ke1 Qxc3+
31. Kf2 g6 32. Re8+ Rxe8 33. Qxe8+ Kg7 34. Qe4 h6 35. gxh6+
Kxh6 36. Qh1+ Kg7 37. Qe4 c5 38. g5 Qd4+ 39. Kf3 Qd1+ 40. Qe2
Qh1+ 41. Kg3 Qg1+ 42. Kf3 Qh1+ 43. Kg3 Qg1+ 44. Kf3 Qh1+
1/2-1/2

[Event "Lindores Abbey Rapid Challenge"]
[Site "chess24.com INT"]
[Date "2020.05.20"]
[EventDate "2020.05.19"]
[Round "8.2"]
[Result "0-1"]
[White "Alireza Firouzja"]
[Black "Sergey Karjakin"]
[WhiteElo "2728"]
[BlackElo "2752"]
[PlyCount "90"]

1. d4 Nf6 2. c4 e6 3. Nf3 d5 4. Nc3 Be7 5. Bf4 O-O 6. e3 Nbd7
7. c5 Nh5 8. Bd3 Nxf4 9. exf4 b6 10. b4 a5 11. a3 c6 12. O-O
Ba6 13. Bxa6 Rxa6 14. Qe2 Qa8 15. b5 cxb5 16. Qxb5 Ra7 17. c6
Nb8 18. Rfc1 Rc7 19. Ne5 Bd6 20. Na4 Qa6 21. Qxa6 Nxa6 22. g3
Bxe5 23. fxe5 b5 24. Nc5 Rxc6 25. Nb7 Rxc1+ 26. Rxc1 a4
27. Rc6 Ra8 28. Rb6 b4 29. axb4 Kf8 30. Rb5 a3 31. Ra5 Nc7
32. Nc5 a2 33. Nb3 Rxa5 34. bxa5 Ke7 35. f4 Nb5 36. Kf2 Nxd4
37. Na1 Kd7 38. Ke3 Nc6 39. a6 Kc7 40. Kd2 Kb6 41. Kc3 Kxa6
42. Kb3 Kb5 43. Kxa2 Kc4 44. Nb3 Kc3 45. Nc5 Kc2 0-1

[Event "Lindores Abbey Rapid Challenge"]
[Site "chess24.com INT"]
[Date "2020.05.21"]
[EventDate "2020.05.19"]
[Round "10.1"]
[Result "0-1"]
[White "Alexander Grischuk"]
[Black "Alireza Firouzja"]
[WhiteElo "2777"]
[BlackElo "2728"]
[PlyCount "78"]

1. Nf3 Nf6 2. c4 g6 3. Nc3 Bg7 4. e4 d6 5. d4 O-O 6. Be2 e5
7. O-O Nc6 8. d5 Ne7 9. b4 a5 10. bxa5 Rxa5 11. a4 Ne8 12. Rb1
f5 13. Ng5 b6 14. Bd2 Ra8 15. Bf3 Ra6 16. Be2 Ra8 17. Bf3 Bf6
18. Ne6 Bxe6 19. dxe6 f4 20. Nd5 Ng7 21. a5 bxa5 22. Bg4 h5
23. Bh3 g5 24. f3 a4 25. Rb7 a3 26. Bc3 a2 27. Qc2 g4 28. fxg4
Nxe6 29. Ra1 Nxd5 30. cxd5 Ng5 31. Rxa2 Rxa2 32. Qxa2 Qc8
33. Qa7 Bd8 34. Rb8 Qd7 35. gxh5 Nxh3+ 36. gxh3 Qxh3 37. Be1
Kh8 38. Qf2 Rg8+ 39. Kh1 Qd3 0-1

[Event "Lindores Abbey Rapid Challenge"]
[Site "chess24.com INT"]
[Date "2020.05.21"]
[EventDate "2020.05.19"]
[Round "11.6"]
[Result "0-1"]
[White "Alireza Firouzja"]
[Black "Magnus Carlsen"]
[WhiteElo "2728"]
[BlackElo "2863"]
[PlyCount "100"]

1. Nf3 d5 2. g3 g6 3. c4 dxc4 4. Na3 Bg7 5. Nxc4 Nc6 6. d3 e5
7. Bd2 Nge7 8. h4 h6 9. Bc3 f6 10. Bg2 Be6 11. O-O O-O 12. Rc1
a5 13. Qa4 Qd7 14. Rfd1 Rfd8 15. a3 b6 16. e3 Rab8 17. Qc2 a4
18. Ne1 b5 19. Nd2 Bg4 20. Ndf3 Be6 21. Qb1 Bb3 22. Nc2 Qe6
23. Nd2 Bd5 24. Ne4 f5 25. Nc5 Qf7 26. e4 fxe4 27. dxe4 Ba2
28. Qa1 Bc4 29. Ne3 Nd4 30. Bxd4 exd4 31. Nxc4 bxc4 32. Bh3
Rd6 33. Qa2 Rb3 34. Nxa4 d3 35. Nc5 Bd4 36. Nxb3 Qxf2+ 37. Kh1
Qxg3 38. Rd2 Qxh3+ 39. Rh2 Qf3+ 40. Rg2 cxb3 41. Qxb3+ Kg7
42. Qd1 Qxe4 43. Qe1 Qxe1+ 44. Rxe1 Nf5 45. h5 Be3 46. hxg6 d2
47. Rd1 Bg5 48. Rf2 Kxg6 49. a4 Rd4 50. a5 Ra4 0-1

[Event "Norway Chess"]
[Site "Stavanger NOR"]
[Date "2020.10.06"]
[EventDate "2020.10.05"]
[Round "2.1"]
[Result "1/2-1/2"]
[White "Magnus Carlsen"]
[Black "Alireza Firouzja"]
[WhiteElo "2863"]
[BlackElo "2728"]
[PlyCount "103"]

1. d4 Nf6 2. c4 e6 3. Nc3 d5 4. cxd5 exd5 5. Bg5 c6 6. e3 h6
7. Bh4 Be7 8. Bd3 O-O 9. Nge2 Re8 10. O-O Nbd7 11. f3 b5
12. Bf2 Bb7 13. Ng3 b4 14. Na4 c5 15. Nf5 Bf8 16. Nxc5 Nxc5
17. dxc5 Bxc5 18. Rc1 Qb6 19. Qa4 Bc8 20. Nd4 Bd7 21. Qa6 Re7
22. Rfd1 Ne8 23. Qxb6 axb6 24. Bb1 Ba4 25. b3 Bd7 26. Ne2 Nc7
27. Rd2 Bc6 28. Nd4 Bb7 29. g4 Ne6 30. Nf5 Rc7 31. h4 Rac8
32. Rcd1 Bf8 33. Bg3 Rc3 34. Kf2 Bc5 35. Bd3 d4 36. e4 Ra8
37. Bc4 Rc2 38. Bd3 Rcxa2 39. Be5 Rxd2+ 40. Rxd2 Ra5 41. Kg3
Ba6 42. Bxa6 Rxa6 43. Nxd4 Bxd4 44. Bxd4 Ra3 45. Rd3 Nxd4
46. Rxd4 Rxb3 47. Rd8+ Kh7 48. h5 Ra3 49. Rd4 Ra4 50. e5 Ra5
51. Rxb4 Rxe5 52. Rxb6 1/2-1/2

[Event "Norway Chess"]
[Site "Stavanger NOR"]
[Date "2020.10.06"]
[EventDate "2020.10.05"]
[Round "2.1"]
[Result "1-0"]
[White "Magnus Carlsen"]
[Black "Alireza Firouzja"]
[WhiteElo "2863"]
[BlackElo "2728"]
[PlyCount "93"]

1. d4 Nf6 2. c4 e6 3. Nc3 d5 4. cxd5 exd5 5. Bg5 c6 6. e3 h6
7. Bh4 Be7 8. Qc2 O-O 9. Nf3 Re8 10. Bd3 Ne4 11. Bxe7 Qxe7
12. Bxe4 dxe4 13. Nd2 f5 14. O-O-O Nd7 15. g4 fxg4 16. Ndxe4
Nb6 17. Ng3 Be6 18. Kb1 Rf8 19. e4 Rad8 20. Rhe1 Qf6 21. f4
gxf3 22. Qf2 Nc4 23. Rg1 Qh4 24. b3 Nd6 25. Kb2 Rf7 26. Rd2
Rdf8 27. Re1 Kh8 28. Rd3 Rf4 29. e5 Nf5 30. Nce4 Bd5 31. Rxf3
Nxg3 32. hxg3 Rxf3 33. Qxf3 Rxf3 34. gxh4 Bxe4 35. Rxe4 Kg8
36. Ka3 Kf7 37. Kb4 h5 38. a4 Ke6 39. a5 Rg3 40. a6 b6 41. Kc4
Rg4 42. Kd3 Rg3+ 43. Re3 Rg4 44. Rf3 c5 45. dxc5 bxc5 46. Rf8
Kxe5 47. Rf7 1-0

[Event "Norway Chess"]
[Site "Stavanger NOR"]
[Date "2020.10.07"]
[EventDate "2020.10.05"]
[Round "3.3"]
[Result "1-0"]
[White "Alireza Firouzja"]
[Black "Fabiano Caruana"]
[WhiteElo "2728"]
[BlackElo "2828"]
[PlyCount "145"]

1. Nf3 d5 2. d4 Nf6 3. e3 c5 4. dxc5 e6 5. b4 a5 6. c3 axb4
7. cxb4 b6 8. Bb5+ Bd7 9. Bxd7+ Qxd7 10. a4 bxc5 11. b5 Bd6
12. Bb2 O-O 13. Nbd2 c4 14. Qc2 Qc7 15. O-O Nbd7 16. Bc3 Nc5
17. a5 Nfe4 18. b6 Qb7 19. Bd4 Nxd2 20. Nxd2 Nd3 21. Rfb1 Ra6
22. Rb5 Rc8 23. Rab1 h6 24. g3 Be7 25. e4 e5 26. Bc3 Bc5
27. Rxc5 Nxc5 28. exd5 Qxd5 29. Qf5 Rd8 30. Rb5 f6 31. b7 Qd6
32. Qc8 Nxb7 33. Qxb7 Qc6 34. Qxc6 Rxc6 35. Rb6 Rc7 36. a6 Ra8
37. Ne4 Rca7 38. Nc5 Rc8 39. Rb5 h5 40. h4 Kh7 41. Kg2 Kg6
42. Kf3 Kf5 43. Ke3 Rc6 44. Bb4 c3 45. Bxc3 Kg6 46. Bb4 Raxa6
47. Nxa6 Rxa6 48. Rb7 Ra8 49. Ke4 Rd8 50. Bc5 Ra8 51. Kd5 Ra5
52. Ra7 Rb5 53. Kc6 Rb2 54. Kd5 Rb5 55. Kc4 Rb8 56. Rc7 Ra8
57. Kd5 Ra2 58. Ke6 Ra6+ 59. Ke7 Kf5 60. Kf7 g5 61. Be3 gxh4
62. gxh4 Kg4 63. Rc4+ Kf3 64. Kg6 e4 65. Kxh5 f5 66. Kg5 Ra5
67. Bf4 Kxf2 68. Rc2+ Kf3 69. Rc3+ Ke2 70. h5 Ra1 71. h6 Rh1
72. Kxf5 Kf2 73. Kxe4 1-0

[Event "Norway Chess"]
[Site "Stavanger NOR"]
[Date "2020.10.07"]
[EventDate "2020.10.05"]
[Round "3.3"]
[Result "1/2-1/2"]
[White "Alireza Firouzja"]
[Black "Fabiano Caruana"]
[WhiteElo "2728"]
[BlackElo "2828"]
[PlyCount "71"]

1. Nf3 d5 2. g3 c5 3. Bg2 Nf6 4. O-O g6 5. d4 cxd4 6. Nxd4 Bg7
7. Nb3 Nc6 8. Nc3 e6 9. e4 O-O 10. exd5 Nxd5 11. Ne4 Ne5
12. h4 h6 13. Qe2 Qc7 14. Rd1 a5 15. Nd4 Bd7 16. a4 Rad8
17. Ra3 Nc4 18. Rad3 Ne5 19. Ra3 Rfe8 20. Nc3 Qc4 21. Nxd5
exd5 22. Qd2 Bg4 23. f3 Bd7 24. Bf1 Qc5 25. Qf2 Nc4 26. Rad3
Re7 27. b3 Ne5 28. R3d2 Rde8 29. Bb2 g5 30. hxg5 hxg5 31. Ba1
Qb6 32. Kg2 Qg6 33. Kg1 Qb6 34. Kg2 Qg6 35. Kg1 Qb6 36. Kg2
1/2-1/2

[Event "Norway Chess"]
[Site "Stavanger NOR"]
[Date "2020.10.08"]
[EventDate "2020.10.05"]
[Round "4.2"]
[Result "1/2-1/2"]
[White "Levon Aronian"]
[Black "Alireza Firouzja"]
[WhiteElo "2767"]
[BlackElo "2728"]
[PlyCount "61"]

1. e4 c6 2. d4 d5 3. Nd2 dxe4 4. Nxe4 Bf5 5. Ng3 Bg6 6. h4 h6
7. Nf3 Nd7 8. Bd3 Bxd3 9. Qxd3 e6 10. Bf4 Ngf6 11. O-O-O Be7
12. Nf1 Ng4 13. Qe2 Qa5 14. Kb1 Qb5 15. Rd3 Nb6 16. N3d2 Nf6
17. Ne3 Nfd5 18. Nxd5 Nxd5 19. Qe4 Nxf4 20. Qxf4 Qd5 21. Nf3
O-O 22. Ne5 f6 23. Ng4 Bd6 24. Qc1 Rad8 25. Qd1 Bc7 26. Re1
Bb6 27. f3 Qf5 28. Re4 Rfe8 29. Qe2 Kh8 30. a3 Qd5 31. Ne3
1/2-1/2

[Event "Norway Chess"]
[Site "Stavanger NOR"]
[Date "2020.10.08"]
[EventDate "2020.10.05"]
[Round "4.2"]
[Result "0-1"]
[White "Levon Aronian"]
[Black "Alireza Firouzja"]
[WhiteElo "2767"]
[BlackElo "2728"]
[PlyCount "112"]

1. e4 c6 2. d4 d5 3. Nd2 dxe4 4. Nxe4 Bf5 5. Ng3 Bg6 6. h4 h6
7. Nf3 Nd7 8. Bd3 Bxd3 9. Qxd3 e6 10. Bf4 Ngf6 11. O-O-O Be7
12. Nf1 Qa5 13. Kb1 Rd8 14. Bc1 Nc5 15. Qe2 Na4 16. c4 O-O
17. Qc2 c5 18. Bd2 Qa6 19. b3 Nb6 20. Bc3 cxd4 21. Nxd4 Nbd7
22. Ne3 Nc5 23. g4 Nfe4 24. Bb2 Nd6 25. g5 h5 26. Qe2 Nce4
27. Rhg1 Qa5 28. Rd3 Nc5 29. Rd2 Nce4 30. Rc2 Rfe8 31. Qxh5
Nd2+ 32. Kc1 N6e4 33. c5 g6 34. Qh8+ Kxh8 35. Nc6+ Kg8
36. Nxa5 Nf3 37. Rd1 Nxc5 38. Rxd8 Rxd8 39. Bf6 Bxf6 40. gxf6
b6 41. Nc6 Rd7 42. Rc4 Kh7 43. Kb2 Nd2 44. Rd4 Rxd4 45. Nxd4
Nde4 46. Ng4 Nd3+ 47. Kc2 Ndxf2 48. Nxf2 Nxf2 49. Nc6 Ne4
50. Nxa7 Nxf6 51. a4 Nd5 52. Nc6 f6 53. b4 g5 54. hxg5 fxg5
55. Kd3 g4 56. a5 Nxb4+ 0-1

[Event "Norway Chess"]
[Site "Stavanger NOR"]
[Date "2020.10.10"]
[EventDate "2020.10.05"]
[Round "5.3"]
[Result "1-0"]
[White "Alireza Firouzja"]
[Black "Aryan Tari"]
[WhiteElo "2728"]
[BlackElo "2633"]
[PlyCount "99"]

1. e4 e5 2. Nf3 Nc6 3. Bc4 Bc5 4. c3 Nf6 5. d3 d6 6. O-O h6
7. Re1 O-O 8. h3 a6 9. a4 Re8 10. Nbd2 Be6 11. Bxe6 Rxe6
12. b4 Ba7 13. Qc2 Qd7 14. Rb1 Ne7 15. d4 Ng6 16. b5 Nh5
17. Nf1 Rae8 18. bxa6 bxa6 19. a5 Qc8 20. Be3 exd4 21. cxd4
Rxe4 22. Qc6 d5 23. N1d2 R4e6 24. Qxd5 Nf6 25. Qb7 Bb8
26. Qxc8 Rxc8 27. Rb7 Ree8 28. Nb3 Ne4 29. Nc5 Nxc5 30. dxc5
c6 31. Rb6 Ne5 32. Nxe5 Bxe5 33. Rxa6 Bd4 34. Kf1 Re4 35. Bxd4
Rxd4 36. Ra1 Rc4 37. Rb6 Rxc5 38. a6 Rb5 39. Rxb5 cxb5 40. a7
Ra8 41. Ke2 Kf8 42. Kd3 Ke7 43. Kc3 Kd6 44. Kb4 Kc6 45. Ra6+
Kb7 46. Kxb5 h5 47. Rb6+ Kxa7 48. Ra6+ Kb7 49. Rxa8 Kxa8
50. Kc6 1-0

[Event "Norway Chess"]
[Site "Stavanger NOR"]
[Date "2020.10.11"]
[EventDate "2020.10.05"]
[Round "6.3"]
[Result "0-1"]
[White "Aryan Tari"]
[Black "Alireza Firouzja"]
[WhiteElo "2633"]
[BlackElo "2728"]
[PlyCount "68"]

1. e4 c6 2. d4 d5 3. exd5 cxd5 4. Bd3 Nf6 5. c3 Bg4 6. Qb3 Qc7
7. h3 Bd7 8. Nf3 Nc6 9. O-O e6 10. Re1 Bd6 11. Bg5 O-O
12. Nbd2 Nh5 13. Qd1 f6 14. Be3 Nf4 15. Bf1 g5 16. c4 Kh8
17. Rc1 Rg8 18. Bxf4 Bxf4 19. b4 Qd6 20. b5 Ne7 21. c5 Qc7
22. g3 g4 23. hxg4 Rxg4 24. Bh3 Rg7 25. Kh1 e5 26. Bxd7 Qxd7
27. Nh2 Qh3 28. Rg1 Rag8 29. Qe2 e4 30. Rc3 Nf5 31. Nxe4 dxe4
32. Qxe4 Bxg3 33. Rg2 Re7 34. Qb1 Rge8 0-1

[Event "Norway Chess"]
[Site "Stavanger NOR"]
[Date "2020.10.12"]
[EventDate "2020.10.05"]
[Round "7.2"]
[Result "1/2-1/2"]
[White "Alireza Firouzja"]
[Black "Levon Aronian"]
[WhiteElo "2728"]
[BlackElo "2767"]
[PlyCount "118"]

1. Nf3 d5 2. g3 Nf6 3. Bg2 g6 4. O-O Bg7 5. d4 O-O 6. c4 c6
7. Ne5 Ng4 8. cxd5 cxd5 9. Bf4 Nxe5 10. Bxe5 Nc6 11. Bxg7 Kxg7
12. Nc3 e6 13. Qd2 b6 14. Rad1 Bb7 15. e4 dxe4 16. Bxe4 Re8
17. d5 exd5 18. Bxd5 Rc8 19. f4 Ba6 20. Rf2 Qe7 21. f5 f6
22. Be6 Rcd8 23. Nd5 Qf8 24. Qc3 Ne5 25. Rd4 Qc5 26. Qxc5 bxc5
27. Ra4 Rd6 28. Rxa6 Rxa6 29. Nc7 Raxe6 30. Nxe6+ Kh6 31. Nxc5
Ng4 32. Rf4 Re1+ 33. Kg2 Rc1 34. Rxg4 Rxc5 35. Rh4+ Kg5
36. Rxh7 Rc2+ 37. Kf3 Rxb2 38. h4+ Kxf5 39. Rxa7 Ke6 40. g4
Rc2 41. Ra6+ Ke5 42. Ra5+ Ke6 43. g5 Rc3+ 44. Ke2 Rh3 45. Ra6+
Ke7 46. Rxf6 Rxh4 47. Ra6 Rf4 48. Ra5 Kd6 49. Ke3 Rg4 50. a4
Rh4 51. Kd3 Rg4 52. Ke3 Rh4 53. Kf3 Ke6 54. Ke3 Kd6 55. Kd3
Rg4 56. Ra6+ Ke7 57. Ra5 Kd6 58. Ke2 Ke6 59. Kf3 Rb4 1/2-1/2